Online
Catalog

Descentralización i personalismo / (Record no. 15679)

MARC details
000 -CABECERA
campo de control de longitud fija 00544nam a2200181 a 4500
001 - NÚMERO DE CONTROL
campo de control 000016139
003 - IDENTIFICADOR DEL NÚMERO DE CONTROL
campo de control DO-SdBNP
005 - FECHA Y HORA DE LA ÚLTIMA TRANSACCIÓN
campo de control 20250625123128.0
008 - DATOS DE LONGITUD FIJA--INFORMACIÓN GENERAL
campo de control de longitud fija 100226s1974 dr r 000 0 spa d
040 ## - FUENTE DE LA CATALOGACIÓN
Centro catalogador/agencia de origen DO-SdBNP
Lengua de catalogación spa
Centro/agencia transcriptor BNPHU
082 ## - NÚMERO DE LA CLASIFICACIÓN DECIMAL DEWEY
Número de clasificación xxxx
Número de documento/Ítem C422d
100 1# - ENTRADA PRINCIPAL--NOMBRE DE PERSONA
Nombre de persona Cestero, Mariano Antonio
9 (RLIN) 36131
245 10 - MENCIÓN DE TÍTULO
Título Descentralización i personalismo /
Mención de responsabilidad, etc. Mariano Antonio Cestero.
260 ## - PUBLICACIÓN, DISTRIBUCIÓN, ETC.
Lugar de publicación, distribución, etc. Santo Domingo :
Nombre del editor, distribuidor, etc. Publicaciones de la Secretaría de Educación,
Fecha de publicación, distribución, etc. 1974.
300 ## - DESCRIPCIÓN FÍSICA
Extensión 103 p. ;
Dimensiones 23 cm.
490 0# - MENCIÓN DE SERIE
Mención de serie Enriquillo
942 ## - ELEMENTOS DE PUNTO DE ACCESO ADICIONAL (KOHA)
Fuente del sistema de clasificación o colocación Dewey Decimal Classification
Tipo de ítem Koha Libro
Holdings
Estado de retiro Estado de pérdida No para préstamo Código de colección Localización permanente Ubicación/localización actual Ubicación en estantería Fecha de adquisición Número de inventario Total de préstamos Signatura topográfica completa Código de barras Fecha visto por última vez Precio válido a partir de Tipo de ítem Koha Número de copia Restricciones de uso
    Excluido de préstamo Patrimonio Dominicano Patrimonio Dominicano Patrimonio Dominicano Depósito 26.02.2010 LF1   xxxx C422d 16139-10 25.06.2020 25.06.2020 Libro y Folleto Colección Patrimonio Dominicano    
    Excluido de préstamo Patrimonio Dominicano Patrimonio Dominicano Patrimonio Dominicano Depósito 26.02.2010 LF1   xxxx C422d 16139-20 25.06.2020 25.06.2020 Libro y Folleto Colección Patrimonio Dominicano e.2  
      Dominicana de Servicio Patrimonio Dominicano Patrimonio Dominicano Depósito 09.05.2013 LF1   xxxx C422d 16139-30 25.06.2020 25.06.2020 Libro y Folleto Colección Dominicana de Servicio e.3  

Powered by Koha